|
|
|
|
| LEADER |
00000cam a2200000 7i4500 |
| 001 |
0000004338 |
| 002 |
000004661 |
| 005 |
20000330.0 |
| 020 |
|
|
|a 0855327669
|
| 090 |
0 |
0 |
|a 738.0275
|b PER
|
| 100 |
1 |
|
|a Perret, Annick
|
| 245 |
1 |
0 |
|a Painting on porcelain traditional and contemporary designs
|c Annick Perret
|
| 260 |
|
|
|a Kent :
|b Search Press Limited ,
|c 1993
|
| 300 |
|
|
|a 96p. :
|b ill ;
|c 30cm.
|
| 650 |
0 |
0 |
|a Porcelain painting
|
| 999 |
|
|
|a 037384
|b BUKU
|c PINJAMAN
|e PERPUSTAKAAN KOMUNITI PETALING JAYA
|
| 999 |
|
|
|a 082204
|b BUKU
|c PINJAMAN
|e PERPUSTAKAAN KOMUNITI PETALING JAYA
|
| 999 |
|
|
|a 083578
|b BUKU
|c PINJAMAN
|e PERPUSTAKAAN KOMUNITI PETALING JAYA
|